| 000 | 00729cam a22002291 4500 | ||
|---|---|---|---|
| 001 | sa 65010299 | ||
| 003 | DLC | ||
| 005 | 20260227112207.0 | ||
| 008 | 880711s1964 ii 000 0 eng | ||
| 010 | _asa 65010299 | ||
| 025 | _aPL480:I-E-4974 | ||
| 035 | _a(OCoLC)18199424 | ||
| 040 |
_aDLC _cMU _dDLC |
||
| 042 | _apremarc | ||
| 050 | 0 | 0 |
_aZ6605.S3 _bO65 |
| 110 | 2 |
_aOsmania University. _bLibrary. |
|
| 245 | 1 | 2 |
_aA catalogue of the Sanskrit manuscripts in the Osmania University Library. _cEdited by Aryendra Sharma [and others] |
| 260 |
_aHyderabad, _bSanskrit Academy, Osmania University, _c1964. |
||
| 300 |
_a328 p. _c26 cm. |
||
| 650 | 0 |
_aManuscripts, Sanskrit _vCatalogs. |
|
| 700 | 1 |
_aSharma, Aryendra, _d1910- _eed. |
|
| 999 |
_c66679 _d66679 |
||